[Event "Turkey Cup 2019"]
[Site "Belek"]
[Date "2019.01.31"]
[Round "8.56"]
[White "Yaylali, Adnan Dogan"]
[Black "Ekinci, Berkay"]
[Result "1-0"]
[WhiteElo "1927"]
[BlackElo "1688"]
[Annotator "NA"]
[PlyCount "79"]
[EventDate "2019.01.27"]
[EventType "swiss"]
[EventCountry "TUR"]
[SourceTitle "playchess.com"]
[Source "ChessBase"]
[SourceQuality "1"]

1. e4 c5 2. Nf3 e6 3. c4 Nc6 4. Be2 Qc7 5. O-O Nf6 6. Nc3 a6 7. d3 Be7 8. h3 O-O 9. Be3 b6 10. Rc1 Bb7 11. d4 cxd4 12. Nxd4 Nxd4 13. Qxd4 Bc5 14. Qd3 Rac8 15. Rfd1 Bc6 16. a3 Bxe3 17. Qxe3 d6 18. Nd5 exd5 19. cxd5 Qb7 20. dxc6 Rxc6 21. Bxa6 Qc7 22. Bb5 Rc5 23. b4 Rc2 24. Bd3 Rxc1 25. Rxc1 Qb7 26. Qd4 Re8 27. Qxd6 Qa8 28. Rc3 Nxe4 29. Bxe4 Rxe4 30. Qxb6 h6 31. Qc6 Re1+ 32. Kh2 Qb8+ 33. Qc7 Qb5 34. Qd8+ Re8 35. Qd4 Qf1 36. Rg3 g6 37. Rf3 Qb5 38. Qf4 Qe5 39. Qxe5 Rxe5 40. Rb3 1-0

[Event "Turkey Cup 2019"]
[Site "Belek"]
[Date "2019.01.31"]
[Round "8.57"]
[White "Oztekin, Kerem Can"]
[Black "Acar, Ozgur"]
[Result "1-0"]
[WhiteElo "1940"]
[BlackElo "1798"]
[Annotator "NA"]
[PlyCount "75"]
[EventDate "2019.01.27"]
[EventType "swiss"]
[EventCountry "TUR"]
[SourceTitle "playchess.com"]
[Source "ChessBase"]
[SourceQuality "1"]

1. e4 e5 2. Nf3 Nc6 3. Bb5 d6 4. d4 exd4 5. Qxd4 Bd7 6. Bxc6 Bxc6 7. O-O Qf6 8. Nc3 Qxd4 9. Nxd4 g6 10. Nxc6 bxc6 11. Re1 Bg7 12. e5 d5 13. Na4 Ne7 14. Bg5 Nf5 15. Nc5 O-O 16. Nd7 Rfe8 17. c3 h6 18. Nf6+ Bxf6 19. Bxf6 Re6 20. g4 Ng7 21. f4 Rb8 22. Re2 Ree8 23. f5 gxf5 24. gxf5 Nh5 25. Rae1 Nxf6 26. exf6 Kf8 27. Re7 Rxe7 28. Rxe7 Rxb2 29. Rxc7 Ke8 30. Rxa7 Rc2 31. Re7+ Kd8 32. Rxf7 Rxc3 33. Re7 Ra3 34. Re6 Kd7 35. f7 Ra8 36. Re8 Rxe8 37. fxe8=Q+ Kxe8 38. a4 1-0

[Event "Turkey Cup 2019"]
[Site "Belek"]
[Date "2019.01.31"]
[Round "8.58"]
[White "Hatipoglu, Metin"]
[Black "Canbulan, Arda"]
[Result "0-1"]
[WhiteElo "1680"]
[BlackElo "1884"]
[Annotator "NA"]
[PlyCount "106"]
[EventDate "2019.01.27"]
[EventType "swiss"]
[EventCountry "TUR"]
[SourceTitle "playchess.com"]
[Source "ChessBase"]
[SourceQuality "1"]

1. e4 e5 2. Nf3 Nc6 3. Bc4 Bc5 4. c3 Nf6 5. d3 h6 6. O-O d6 7. h3 O-O 8. Re1 a6 9. a4 Be6 10. Ba2 Qd7 11. Be3 Bxe3 12. Rxe3 d5 13. Nbd2 d4 14. cxd4 exd4 15. Re1 Bxa2 16. Rxa2 Nb4 17. Ra3 c5 18. Nc4 Qc7 19. a5 Nd7 20. Qd2 Nc6 21. g3 b5 22. axb6 Nxb6 23. Na5 Rfd8 24. Rc1 Na7 25. b4 Nb5 26. Rxc5 Qd7 27. Ra1 Qxh3 28. Nc6 Re8 29. Ncxd4 Nd7 30. Rf5 Nd6 31. Rd5 Nc8 32. Raa5 Nf6 33. Rf5 Ne7 34. Rxf6 gxf6 35. Qf4 Rec8 36. Ra1 Kg7 37. Nh4 Rd8 38. Ndf5+ Nxf5 39. Nxf5+ Kh7 40. d4 Rdb8 41. Rb1 a5 42. b5 a4 43. g4 Rg8 44. f3 a3 45. Kf2 a2 46. Ra1 Rgc8 47. Ne3 Qh4+ 48. Ke2 Rcb8 49. Qf5+ Kg7 50. Qd5 Qh2+ 51. Kd3 Ra3+ 52. Kc4 Qe2+ 53. Kc5 Rxb5+ 0-1

[Event "Turkey Cup 2019"]
[Site "Belek"]
[Date "2019.01.31"]
[Round "8.59"]
[White "Akbas, Umut Ata"]
[Black "Arslanargun, Zana"]
[Result "1/2-1/2"]
[WhiteElo "1939"]
[BlackElo "1773"]
[Annotator "NA"]
[PlyCount "106"]
[EventDate "2019.01.27"]
[EventType "swiss"]
[EventCountry "TUR"]
[SourceTitle "playchess.com"]
[Source "ChessBase"]
[SourceQuality "1"]

1. e4 c5 2. Nf3 Nc6 3. Bb5 e6 4. O-O d5 5. exd5 exd5 6. Re1+ Be7 7. d4 cxd4 8. Nxd4 Bd7 9. Bg5 Kf8 10. Bxe7+ Ngxe7 11. Nc3 h5 12. Qd2 a6 13. Be2 Rh6 14. Rad1 Qc7 15. Nf3 Be6 16. Bf1 Rd8 17. Ne2 Bg4 18. Qc3 Bxf3 19. Qxf3 Qa5 20. Nf4 Kg8 21. a3 d4 22. Bc4 Ne5 23. Qxb7 Nxc4 24. Rxe7 Rf6 25. Nd3 Qf5 26. Qe4 Qxe4 27. Rxe4 Rb6 28. h4 Nxb2 29. Nxb2 Rxb2 30. Rexd4 Rxd4 31. Rxd4 Rxc2 32. Rd6 a5 33. Rd5 Rc4 34. Rxa5 Rxh4 35. a4 g6 36. Ra6 Rf4 37. f3 Kf8 38. Ra7 Ke8 39. Kf2 Kd8 40. Ke3 Rf5 41. Kd4 Kc8 42. Kc4 h4 43. Ra8+ Kb7 44. Rh8 g5 45. Rh6 f6 46. Rh7+ Kb6 47. Rh8 Rf4+ 48. Kb3 Ka5 49. Ra8+ Kb6 50. Rh8 Ka5 51. Rh6 Kb6 52. Kc3 Ka5 53. Kb3 Kb6 1/2-1/2

[Event "Turkey Cup 2019"]
[Site "Belek"]
[Date "2019.01.31"]
[Round "8.60"]
[White "Uregen, Rafet"]
[Black "Eldemir, Goksu"]
[Result "*"]
[WhiteElo "1633"]
[BlackElo "1876"]
[Annotator "NA RC"]
[PlyCount "133"]
[EventDate "2019.01.27"]
[EventType "swiss"]
[EventCountry "TUR"]
[SourceTitle "playchess.com"]
[Source "ChessBase"]
[SourceQuality "1"]

1. e4 c5 2. Nf3 d6 3. d4 cxd4 4. Nxd4 Nf6 5. f3 e5 6. Bb5+ Nbd7 7. Nf5 d5 8. exd5 a6 9. Ba4 b5 10. Bb3 Nb6 11. Ne3 Bb7 12. Qe2 Qc7 13. Nc3 b4 14. Na4 Nbxd5 15. Nxd5 Nxd5 16. Bxd5 Bxd5 17. b3 Bd6 18. Be3 Be6 19. O-O O-O 20. Rad1 Rfb8 21. c3 bxc3 22. Nxc3 Ba3 23. Nb1 Bb4 24. Rc1 Qe7 25. Nc3 a5 26. Na4 Rd8 27. Rfd1 h6 28. Rxd8+ Rxd8 29. Bc5 Qg5 30. Be3 Qg6 31. Nc5 Bf5 32. Qb2 e4 33. fxe4 Bxe4 34. Qf2 Rd5 35. Nxe4 Qxe4 36. Rf1 f6 37. Qf3 Qd3 38. Bf2 Qxf3 39. gxf3 Rd2 40. Ra1 Bc3 41. Rc1 Be5 42. Bg3 Bd4+ 43. Kh1 Rxa2 44. Rc4 Bb6 45. Rc6 Be3 46. Re6 Bc5 47. Bd6 Bxd6 48. Rxd6 Rb2 49. Rd3 Kf7 50. Kg1 Ke6 51. h4 h5 52. f4 g6 53. Re3+ Kf5 54. Rg3 Kxf4 55. Rxg6 f5 56. Rb6 Kg3 57. Kf1 Kxh4 58. Rb5 Kg4 59. Rxa5 Rxb3 60. Ra8 Kf3 61. Kg1 f4 62. Rh8 Rb5 63. Kh2 Re5 64. Rf8 Re4 65. Kh3 Ke2 66. Kg2 h4 67. Rf7 *

[Event "Turkey Cup 2019"]
[Site "Belek"]
[Date "2019.01.31"]
[Round "8.61"]
[White "Yaziciogullari, Ali Emre"]
[Black "Iyiol, Mehmet"]
[Result "0-1"]
[WhiteElo "1675"]
[BlackElo "1892"]
[Annotator "NA"]
[PlyCount "74"]
[EventDate "2019.01.27"]
[EventType "swiss"]
[EventCountry "TUR"]
[SourceTitle "playchess.com"]
[Source "ChessBase"]
[SourceQuality "1"]

1. e4 e5 2. Nf3 Nc6 3. d4 exd4 4. Nxd4 Nf6 5. Nxc6 bxc6 6. e5 Qe7 7. Qe2 Nd5 8. c4 Ba6 9. b3 g6 10. f4 Bg7 11. Qf2 Nb6 12. Be2 f6 13. Ba3 Qf7 14. c5 Bxe2 15. cxb6 Ba6 16. bxc7 fxe5 17. Nd2 Qxf4 18. c8=Q+ Rxc8 19. Qxa7 Bd3 20. O-O-O Qd4 21. Qxd4 exd4 22. Rhe1+ Kd8 23. Nf3 Bf5 24. Bd6 c5 25. Ne5 Bxe5 26. Bxe5 Re8 27. Bf6+ Kc7 28. Rxe8 Rxe8 29. Kd2 Ra8 30. Ra1 Be4 31. g4 h5 32. g5 Kc6 33. a3 Kd5 34. Be7 Rb8 35. b4 c4 36. Rf1 c3+ 37. Kc1 Ra8 0-1

[Event "Turkey Cup 2019"]
[Site "Belek"]
[Date "2019.01.31"]
[Round "8.63"]
[White "Oz, Dindar"]
[Black "Sayin, Atakan"]
[Result "0-1"]
[WhiteElo "1644"]
[BlackElo "1921"]
[Annotator "NA"]
[PlyCount "48"]
[EventDate "2019.01.27"]
[EventType "swiss"]
[EventCountry "TUR"]
[SourceTitle "playchess.com"]
[Source "ChessBase"]
[SourceQuality "1"]

1. d4 Nf6 2. c4 c5 3. d5 e6 4. Nc3 exd5 5. cxd5 d6 6. e4 g6 7. Bd3 Bg7 8. h3 O-O 9. Nf3 Na6 10. O-O Nc7 11. Bf4 a6 12. a4 Rb8 13. Re1 b5 14. axb5 axb5 15. Bxd6 Qxd6 16. e5 Qd8 17. d6 Ncd5 18. exf6 Nxc3 19. bxc3 Bxf6 20. Ne5 Qxd6 21. Nxf7 Rxf7 22. Bc4 Qxd1 23. Bxf7+ Kxf7 24. Rexd1 Rb7 0-1

[Event "Turkey Cup 2019"]
[Site "Belek"]
[Date "2019.01.31"]
[Round "8.64"]
[White "Gonullu, Muhammed Sinan"]
[Black "Araboga, Nizamettin"]
[Result "1-0"]
[WhiteElo "1815"]
[BlackElo "1670"]
[Annotator "NA"]
[PlyCount "151"]
[EventDate "2019.01.27"]
[EventType "swiss"]
[EventCountry "TUR"]
[SourceTitle "playchess.com"]
[Source "ChessBase"]
[SourceQuality "1"]

1. d4 g6 2. Bg5 Bg7 3. c3 d6 4. Nf3 Nf6 5. Nbd2 h6 6. Bh4 g5 7. Bg3 Bf5 8. e3 Nbd7 9. Be2 O-O 10. O-O c5 11. Re1 Re8 12. Qb3 Qb6 13. Nc4 Qxb3 14. axb3 Ne4 15. Ncd2 Nxg3 16. hxg3 e5 17. e4 Bg6 18. Bb5 Red8 19. Bxd7 Rxd7 20. dxe5 dxe5 21. Nc4 f6 22. Nb6 axb6 23. Rxa8+ Kh7 24. Raa1 Bf7 25. Rad1 Rc7 26. c4 b5 27. Nd2 Rd7 28. cxb5 Rd4 29. Nc4 Bf8 30. Rxd4 cxd4 31. Kf1 Bc5 32. f3 Be8 33. Ke2 Bxb5 34. Ra1 Bb4 35. Ra7 Ba6 36. Ra8 Kg7 37. Rd8 Kf7 38. Kd1 Be7 39. Ra8 Bb4 40. Rc8 Be7 41. Nd2 Bb4 42. Rc1 Ke6 43. Nc4 Kd7 44. Nb6+ Kd6 45. Nd5 Ba5 46. Nxf6 Bf1 47. Rc2 Bd3 48. Rc1 Bf1 49. Rc2 Bd3 50. g4 Bxc2+ 51. Kxc2 Bd8 52. Ng8 Ke6 53. Nxh6 b5 54. Nf5 Be7 55. Kd3 Bf8 56. Ng3 Bb4 57. Ne2 Be1 58. g3 Bf2 59. f4 Be3 60. f5+ Kf6 61. b4 Kg7 62. Nc3 dxc3 63. bxc3 Bf2 64. c4 bxc4+ 65. Kxc4 Kf7 66. Kb5 Ke7 67. Kc6 Kd8 68. b5 Ba7 69. b6 Bb8 70. Kb7 Bd6 71. Ka8 Kd7 72. b7 Kc6 73. b8=Q Bxb8 74. Kxb8 Kd7 75. Kb7 Kd6 76. Kb6 1-0

[Event "Turkey Cup 2019"]
[Site "Belek"]
[Date "2019.01.31"]
[Round "8.65"]
[White "Onem, Cem"]
[Black "Ozkurt, Kutay"]
[Result "0-1"]
[WhiteElo "1840"]
[BlackElo "1586"]
[Annotator "NA"]
[PlyCount "70"]
[EventDate "2019.01.27"]
[EventType "swiss"]
[EventCountry "TUR"]
[SourceTitle "playchess.com"]
[Source "ChessBase"]
[SourceQuality "1"]

1. d4 d5 2. c4 dxc4 3. e4 e5 4. Nf3 exd4 5. Bxc4 Bb4+ 6. Bd2 Bxd2+ 7. Nbxd2 Nc6 8. O-O Qf6 9. e5 Qg6 10. Qb3 Nge7 11. Bd3 Qe6 12. Bb5 O-O 13. Rfe1 Qxb3 14. Nxb3 Rd8 15. Re4 d3 16. Re3 Bg4 17. Nbd2 a6 18. Bc4 Nb4 19. Re4 Nc2 20. Rc1 Bf5 21. Rf4 b5 22. Bb3 c5 23. g4 Bg6 24. h4 h5 25. gxh5 Bxh5 26. Bxc2 dxc2 27. Rxc2 Nd5 28. Re4 Bg6 29. Rxc5 Bxe4 30. Nxe4 Rac8 31. a3 Nf4 32. Kh2 Nd3 33. Rc3 Nxb2 34. Rb3 Rd3 35. Rxb2 Rxf3 0-1

[Event "Turkey Cup 2019"]
[Site "Belek"]
[Date "2019.01.31"]
[Round "8.66"]
[White "Peker, Serdar"]
[Black "Asikoglu, Engin Can"]
[Result "1-0"]
[WhiteElo "1830"]
[BlackElo "1502"]
[Annotator "NA"]
[PlyCount "99"]
[EventDate "2019.01.27"]
[EventType "swiss"]
[EventCountry "TUR"]
[SourceTitle "playchess.com"]
[Source "ChessBase"]
[SourceQuality "1"]

1. e4 c5 2. Nc3 g6 3. f4 Bg7 4. Nf3 d6 5. Bb5+ Bd7 6. a4 Nc6 7. Bxc6 Bxc6 8. d3 e6 9. O-O Ne7 10. Qe1 O-O 11. Qh4 d5 12. e5 d4 13. Ne4 Bxe4 14. Ng5 h6 15. Nxe4 Nd5 16. Qf2 Qc7 17. Qe2 Rad8 18. b3 f6 19. exf6 Nxf6 20. Nd2 Rde8 21. Nc4 Nd5 22. Qg4 Kh7 23. Bd2 h5 24. Qh4 Qe7 25. Qxe7 Rxe7 26. Rae1 a6 27. a5 Bh6 28. g3 Nf6 29. b4 Nd7 30. bxc5 Nxc5 31. Bb4 Rc8 32. Re5 Rec7 33. Bxc5 Rxc5 34. Rxe6 Bf8 35. Rfe1 Rxc4 36. dxc4 Rxc4 37. Rb1 Rxc2 38. Rxb7+ Kh8 39. Re8 Kg8 40. Rd7 Rc5 41. Rdd8 Rf5 42. Kf2 Kg7 43. Rxf8 Rxf8 44. Rxf8 Kxf8 45. Kf3 Ke7 46. Ke4 Ke6 47. Kxd4 Kd6 48. h3 h4 49. g4 Ke6 50. Ke4 1-0

[Event "Turkey Cup 2019"]
[Site "Belek"]
[Date "2019.01.31"]
[Round "8.68"]
[White "Atas, Remzi"]
[Black "Selvi, Kaan"]
[Result "0-1"]
[WhiteElo "1477"]
[BlackElo "1854"]
[Annotator "NA RC"]
[PlyCount "244"]
[EventDate "2019.01.27"]
[EventType "swiss"]
[EventCountry "TUR"]
[SourceTitle "playchess.com"]
[Source "ChessBase"]
[SourceQuality "1"]

1. Nf3 c5 2. g3 Nc6 3. Bg2 g6 4. d3 Bg7 5. O-O e5 6. e4 Nge7 7. Nbd2 O-O 8. a4 d6 9. Nc4 h6 10. h3 f5 11. c3 Be6 12. Qe2 Qd7 13. Kh2 g5 14. exf5 Rxf5 15. g4 Rf7 16. Ng1 d5 17. Ne3 Raf8 18. Nc2 Ng6 19. Ne1 Nf4 20. Bxf4 Rxf4 21. f3 Ne7 22. Qe3 b6 23. Ne2 Rxa4 24. Rxa4 Qxa4 25. d4 cxd4 26. cxd4 Nc6 27. b3 Qb4 28. Nc2 Qd6 29. Kh1 Bd7 30. Rd1 exd4 31. Nexd4 Re8 32. Qd2 Ne7 33. Ne3 Be5 34. Qd3 Qc5 35. Ndf5 Bxf5 36. Nxf5 Nxf5 37. Qxf5 Qc8 38. Qg6+ Bg7 39. Bf1 Re5 40. Bd3 Qe8 41. Qh7+ Kf8 42. Bf1 Qc6 43. Bd3 Qe6 44. Rf1 Re1 45. Kg2 Rxf1 46. Kxf1 Qf6 47. Qf5 Qxf5 48. Bxf5 Ke7 49. Ke2 Kd6 50. Ke3 Be5 51. b4 a5 52. bxa5 bxa5 53. Bc2 Kc5 54. Bb3 d4+ 55. Kd3 Kb4 56. Ba2 Ka3 57. Be6 Kb2 58. Bd7 Kc1 59. Ba4 Bg7 60. Bb3 Kb2 61. Ba4 Ka3 62. Bc6 Kb4 63. Bd5 a4 64. Kc2 Kc5 65. Bf7 Kd6 66. Kd3 Ke5 67. Bc4 Kf4 68. Bd5 a3 69. Kd2 Kg3 70. Ke2 Kxh3 71. Kf2 Be5 72. Bc4 Bf4 73. Ke2 Kg3 74. Bd5 Be3 75. Be6 Kf4 76. Bf7 Bc1 77. Bd5 Bb2 78. Kd3 Bc3 79. Ke2 Bb2 80. Kd3 a2 81. Bxa2 Kxf3 82. Be6 Kg3 83. Bf5 Kh4 84. Ke2 h5 85. gxh5 Kxh5 86. Kf3 Kh4 87. Be6 Bc1 88. Bf5 Bf4 89. Ke4 Be3 90. Kf3 Kh5 91. Bg4+ Kg6 92. Ke4 Kf6 93. Bc8 Ke7 94. Bg4 Kd6 95. Bc8 Kc5 96. Kd3 Kd5 97. Bg4 Ke5 98. Bc8 Kf4 99. Ke2 g4 100. Ba6 Kg3 101. Bc8 Kh4 102. Bf5 g3 103. Kf3 Kg5 104. Be4 Bf2 105. Bd3 Kf6 106. Be4 Ke5 107. Bb7 d3 108. Bc6 Kd4 109. Ba4 Kc3 110. Bd7 Kb2 111. Ba4 Kc1 112. Bb3 d2 113. Ke2 Bc5 114. Kf3 Bd6 115. Ke2 Bc5 116. Kf3 Bf2 117. Ke2 Be1 118. Kf3 d1=Q+ 119. Bxd1 Kxd1 120. Kg2 Ke2 121. Kg1 Kf3 122. Kf1 g2+ 0-1

[Event "Turkey Cup 2019"]
[Site "Belek"]
[Date "2019.01.31"]
[Round "8.69"]
[White "Coban, Hasan"]
[Black "Demir, Zeki"]
[Result "0-1"]
[WhiteElo "1394"]
[BlackElo "1805"]
[Annotator "NA"]
[PlyCount "102"]
[EventDate "2019.01.27"]
[EventType "swiss"]
[EventCountry "TUR"]
[SourceTitle "playchess.com"]
[Source "ChessBase"]
[SourceQuality "1"]

1. e4 e5 2. Nf3 Nc6 3. Bb5 a6 4. Ba4 Nf6 5. O-O Be7 6. Re1 b5 7. Bb3 d6 8. c3 O-O 9. h3 Bb7 10. d3 Na5 11. Bc2 c5 12. Nbd2 Re8 13. Nf1 Bf8 14. Bg5 h6 15. Bh4 Nc6 16. Ne3 g6 17. Nh2 Be7 18. a4 b4 19. Bxf6 Bxf6 20. Nhg4 Bg7 21. Nd5 h5 22. Nge3 Ne7 23. Bb3 a5 24. Qf3 Nxd5 25. Nxd5 Bxd5 26. Bxd5 Ra7 27. c4 Qg5 28. b3 Bh6 29. g3 h4 30. g4 Kg7 31. Kg2 Rf8 32. Qe3 Qf6 33. Qf3 Bf4 34. Qe2 Qg5 35. f3 f5 36. exf5 gxf5 37. Rf1 Be3 38. Rae1 Bd4 39. Kh1 Bc3 40. Rb1 Kf6 41. Rf2 Qf4 42. Rg2 Rg7 43. gxf5 Rg3 44. Rxg3 hxg3 45. Kg2 Rh8 46. Be4 Bd2 47. Rd1 Be3 48. Re1 Bf2 49. Rd1 Rxh3 50. Qd2 Rh2+ 51. Kf1 Be3 0-1

[Event "Turkey Cup 2019"]
[Site "Belek"]
[Date "2019.01.31"]
[Round "8.70"]
[White "Isik, Kadri"]
[Black "Sahin, Fehim"]
[Result "0-1"]
[WhiteElo "1820"]
[BlackElo "1555"]
[Annotator "NA"]
[PlyCount "162"]
[EventDate "2019.01.27"]
[EventType "swiss"]
[EventCountry "TUR"]
[SourceTitle "playchess.com"]
[Source "ChessBase"]
[SourceQuality "1"]

1. e4 c6 2. Nc3 d5 3. Nf3 dxe4 4. Nxe4 Nf6 5. Nxf6+ exf6 6. d4 Bd6 7. Qe2+ Be6 8. Be3 O-O 9. Qd2 Re8 10. Be2 Nd7 11. O-O Nf8 12. c4 Rc8 13. Rac1 Bb8 14. Rfd1 Ng6 15. Qb4 b6 16. g3 Bg4 17. d5 c5 18. Qd2 Qd6 19. Re1 Re7 20. Kg2 Rce8 21. b4 Bc7 22. bxc5 bxc5 23. Rb1 a6 24. Rb3 h5 25. Ng1 Bxe2 26. Rxe2 h4 27. f4 hxg3 28. hxg3 Re4 29. Bf2 f5 30. Rbe3 Qe7 31. Nh3 f6 32. Qd3 Kf7 33. Kf3 Rh8 34. Rxe4 fxe4+ 35. Rxe4 Qd7 36. Ng1 Qf5 37. Ke3 Bd6 38. Ne2 Rh2 39. Re6 Qxd3+ 40. Kxd3 Bxf4 41. Bxc5 Bxg3 42. Re3 Ne5+ 43. Kc3 Bf2 44. Nf4 Bxe3 45. Bxe3 Rxa2 46. c5 Ra3+ 47. Kd4 Ra4+ 48. Kc3 Re4 49. Ng2 Rc4+ 50. Kb3 g5 51. Ne1 a5 52. c6 a4+ 53. Kb2 Ke7 54. Nc2 Kd6 55. Na3 Rb4+ 56. Kc2 Kc7 57. Bc5 Rb3 58. Be7 Nxc6 59. dxc6 Kxc6 60. Nc4 Rf3 61. Nd2 Rf4 62. Kd3 Kd5 63. Ke3 Ke6 64. Bf8 f5 65. Nf3 Rg4 66. Nd4+ Kf6 67. Bd6 Re4+ 68. Kd3 Re8 69. Bc5 f4 70. Nb5 g4 71. Nc3 Kf5 72. Nxa4 g3 73. Nc3 f3 74. Nd1 Rd8+ 75. Ke3 Rxd1 76. Kxf3 Rd3+ 77. Kg2 Kg4 78. Bb4 Rb3 79. Ba5 Rb2+ 80. Kf1 Kf3 81. Be1 Rb1 0-1

[Event "Turkey Cup 2019"]
[Site "Belek"]
[Date "2019.01.31"]
[Round "8.71"]
[White "Dogdu, Mehmet"]
[Black "Ince, Taylan Ruzgar"]
[Result "1-0"]
[WhiteElo "1940"]
[BlackElo "1544"]
[Annotator "NA"]
[PlyCount "94"]
[EventDate "2019.01.27"]
[EventType "swiss"]
[EventCountry "TUR"]
[SourceTitle "playchess.com"]
[Source "ChessBase"]
[SourceQuality "1"]

1. f4 Nf6 2. Nf3 g6 3. c4 Bg7 4. Nc3 d5 5. cxd5 Nxd5 6. g3 c5 7. Bg2 Nxc3 8. bxc3 Nc6 9. O-O O-O 10. Qc2 Rb8 11. d3 e5 12. e4 c4 13. dxc4 Be6 14. c5 Qa5 15. Qf2 Rbc8 16. f5 gxf5 17. Nh4 fxe4 18. Bxe4 Ne7 19. Be3 Rc7 20. Rab1 Qa6 21. Qg2 Qxa2 22. Qxa2 Bxa2 23. Rxb7 Rxb7 24. Bxb7 Bd5 25. Ba6 h6 26. c4 Bc6 27. Bb5 Rc8 28. Ra1 Rc7 29. Ra6 Bf8 30. Bf2 Be4 31. g4 Ng6 32. Nxg6 fxg6 33. c6 Kf7 34. Rxa7 Bd6 35. Be3 h5 36. gxh5 gxh5 37. c5 Rxa7 38. cxd6 Ra1+ 39. Kf2 Ra2+ 40. Ke1 Ra1+ 41. Kd2 Ra2+ 42. Kd1 Bf3+ 43. Ke1 Ra3 44. Kf2 Bg4 45. d7 Ra2+ 46. Kg3 Ra8 47. c7 Ke6 1-0

[Event "Turkey Cup 2019"]
[Site "Belek"]
[Date "2019.01.31"]
[Round "8.72"]
[White "Fazla, Onder Zafer"]
[Black "Atas, Yunus"]
[Result "0-1"]
[WhiteElo "1649"]
[BlackElo "1872"]
[Annotator "NA"]
[PlyCount "122"]
[EventDate "2019.01.27"]
[EventType "swiss"]
[EventCountry "TUR"]
[SourceTitle "playchess.com"]
[Source "ChessBase"]
[SourceQuality "1"]

1. d4 Nf6 2. c4 g6 3. Nc3 d5 4. cxd5 Nxd5 5. e4 Nxc3 6. bxc3 Bg7 7. Be3 O-O 8. Nf3 c5 9. Be2 Qa5 10. Qd2 Nc6 11. Rd1 Bg4 12. O-O Rfd8 13. Qb2 Rd7 14. e5 Rad8 15. h3 Bxf3 16. Bxf3 Qa4 17. Qb3 Qxb3 18. axb3 cxd4 19. Bxc6 bxc6 20. Rxd4 Bxe5 21. Rc4 Rb7 22. b4 Rd3 23. Rc1 Rc7 24. g3 Bxg3 25. Bxa7 Rxa7 26. fxg3 Ra6 27. Kh2 Rd2+ 28. Kh1 e5 29. h4 f6 30. Rc5 Kf7 31. b5 cxb5 32. Rxb5 Raa2 33. c4 Rh2+ 34. Kg1 Rag2+ 35. Kf1 Rxg3 36. Rb7+ Ke6 37. Rxh7 Rg4 38. Rc3 Rd4 39. Kg1 Rhxh4 40. Rc7 Kd6 41. Rc8 Kd7 42. Rc5 Rh8 43. Ra5 Rc8 44. c5 Rc6 45. Kf2 Ke6 46. Rb5 Kd5 47. Ke3 f5 48. Rc1 g5 49. Rg1 g4 50. Rc1 f4+ 51. Ke2 e4 52. Rb8 Rc4 53. Rh1 Rc2+ 54. Kd1 R6xc5 55. Rh5+ Kd4 56. Rb4+ Kd3 57. Rb3+ R2c3 58. Rxc3+ Rxc3 59. Rh2 e3 60. Rg2 e2+ 61. Rxe2 Rc1+ 0-1

[Event "Turkey Cup 2019"]
[Site "Belek"]
[Date "2019.01.31"]
[Round "8.73"]
[White "Demirtas, Hafize"]
[Black "Avan, Olcay"]
[Result "1-0"]
[WhiteElo "1929"]
[BlackElo "1617"]
[Annotator "NA"]
[PlyCount "71"]
[EventDate "2019.01.27"]
[EventType "swiss"]
[EventCountry "TUR"]
[SourceTitle "playchess.com"]
[Source "ChessBase"]
[SourceQuality "1"]

1. e4 d5 2. exd5 Qxd5 3. Nc3 Qa5 4. d4 Nf6 5. Nf3 Bf5 6. Bb5+ c6 7. Bd3 e6 8. O-O Bb4 9. Ne2 Nbd7 10. c3 Bd6 11. b4 Qc7 12. Bxf5 exf5 13. Ng3 g6 14. Re1+ Kf8 15. Bh6+ Kg8 16. Qb3 Ng4 17. Bd2 Kg7 18. c4 Rae8 19. c5 Bf4 20. d5 cxd5 21. Bc3+ f6 22. Qxd5 Nde5 23. Nd4 Bxg3 24. hxg3 Qf7 25. Qxf7+ Kxf7 26. Nb5 Re7 27. f3 Nh6 28. Nd6+ Kg7 29. f4 Nc6 30. b5 Rxe1+ 31. Rxe1 Nd8 32. Nxb7 Nhf7 33. Re7 Nxb7 34. Rxb7 Rc8 35. c6 Kg8 36. Bb4 1-0

[Event "Turkey Cup 2019"]
[Site "Belek"]
[Date "2019.01.31"]
[Round "8.74"]
[White "Demirbas, Emre"]
[Black "Yavic, Adnan"]
[Result "1-0"]
[WhiteElo "1823"]
[BlackElo "1653"]
[Annotator "NA"]
[PlyCount "85"]
[EventDate "2019.01.27"]
[EventType "swiss"]
[EventCountry "TUR"]
[SourceTitle "playchess.com"]
[Source "ChessBase"]
[SourceQuality "1"]

1. Nf3 e6 2. c4 Nf6 3. b3 d5 4. Bb2 c6 5. g3 Be7 6. Bg2 O-O 7. O-O b6 8. d4 Bb7 9. Nc3 Nbd7 10. Ne5 Nxe5 11. dxe5 Nd7 12. cxd5 cxd5 13. e4 dxe4 14. Nxe4 Bxe4 15. Bxe4 Rc8 16. Qh5 g6 17. Qe2 Nc5 18. Rfd1 Qc7 19. Rac1 Qb8 20. Bc2 Rfd8 21. h4 Rxd1+ 22. Rxd1 Rd8 23. b4 Rxd1+ 24. Qxd1 Na6 25. a3 Qd8 26. Qe2 Nc7 27. h5 Bf8 28. Be4 Bg7 29. hxg6 hxg6 30. a4 Qe7 31. Qc4 Qd7 32. Kg2 Bf8 33. Bd4 Qe7 34. Bc3 Qd8 35. a5 b5 36. Qc6 Nd5 37. Bxd5 Qxd5+ 38. Qxd5 exd5 39. a6 f6 40. f4 fxe5 41. fxe5 Bg7 42. Bd4 Kf7 43. e6+ 1-0

[Event "Turkey Cup 2019"]
[Site "Belek"]
[Date "2019.01.31"]
[Round "8.75"]
[White "Saltik, Suleyman"]
[Black "Aydin, Hakan Arda"]
[Result "1/2-1/2"]
[WhiteElo "1560"]
[BlackElo "1915"]
[Annotator "NA"]
[PlyCount "84"]
[EventDate "2019.01.27"]
[EventType "swiss"]
[EventCountry "TUR"]
[SourceTitle "playchess.com"]
[Source "ChessBase"]
[SourceQuality "1"]

1. e4 e5 2. Nf3 Nc6 3. Bb5 a6 4. Ba4 Nf6 5. O-O Be7 6. c3 b5 7. Bb3 d5 8. exd5 Nxd5 9. d4 exd4 10. Nxd4 Nxd4 11. Qxd4 Be6 12. Qxg7 Bf6 13. Qh6 Qe7 14. Re1 O-O-O 15. Qh5 Rhg8 16. g3 Bg4 17. Rxe7 Bxh5 18. Re1 c5 19. Bxd5 Rxd5 20. Be3 b4 21. a3 Rgd8 22. axb4 cxb4 23. Rxa6 Rd1 24. Rxd1 Rxd1+ 25. Kg2 Rxb1 26. Rxf6 b3 27. Rc6+ Kd7 28. Rb6 Rxb2 29. Bd4 Bd1 30. c4 Rd2 31. Be5 Be2 32. c5 Rc2 33. Rxb3 Rxc5 34. Re3 Bh5 35. Bd4 Rd5 36. Re5 Rxe5 37. Bxe5 Ke6 38. Bg7 Be2 39. h4 Kf5 40. f3 h5 41. Kf2 Bd1 42. Ke3 Bb3 1/2-1/2

[Event "Turkey Cup 2019"]
[Site "Belek"]
[Date "2019.01.31"]
[Round "8.76"]
[White "Alagoz, Mahmut"]
[Black "Lale, Omer Faruk"]
[Result "1/2-1/2"]
[WhiteElo "1707"]
[BlackElo "1829"]
[Annotator "NA"]
[PlyCount "114"]
[EventDate "2019.01.27"]
[EventType "swiss"]
[EventCountry "TUR"]
[SourceTitle "playchess.com"]
[Source "ChessBase"]
[SourceQuality "1"]

1. d4 Nf6 2. Nf3 e6 3. c4 Bb4+ 4. Bd2 c5 5. Bxb4 cxb4 6. Nbd2 O-O 7. e4 d6 8. Be2 Nc6 9. O-O e5 10. d5 Ne7 11. c5 Ng6 12. cxd6 Qxd6 13. Rc1 Nf4 14. Nc4 Qa6 15. Nfd2 b5 16. Nxe5 Re8 17. Nd3 N6xd5 18. Nxf4 Nxf4 19. g3 Bh3 20. Re1 Nxe2+ 21. Qxe2 Qxa2 22. Rb1 Red8 23. f4 Be6 24. f5 Bc4 25. Nxc4 Qxc4 26. Qe3 Rd3 27. Qf2 Qd4 28. Re2 Rd8 29. Qxd4 R3xd4 30. Kf2 f6 31. Ra1 R8d7 32. Ra5 Rb7 33. Ke3 Rd1 34. g4 Kf7 35. Kf4 Rd3 36. e5 fxe5+ 37. Rxe5 Rd4+ 38. Kf3 Rd3+ 39. Ke4 Rd2 40. Raxb5 Rxb5 41. Rxb5 Rxb2 42. g5 Re2+ 43. Kf3 Re7 44. Rxb4 a5 45. Ra4 Ra7 46. Ke4 h6 47. h4 hxg5 48. hxg5 Ke7 49. Ke5 Ra6 50. Kd5 Kd7 51. Kc5 Rc6+ 52. Kb5 Rd6 53. Rxa5 Rd5+ 54. Kb4 Rxa5 55. Kxa5 Kd6 56. Kb4 Ke5 57. f6 gxf6 1/2-1/2

[Event "Turkey Cup 2019"]
[Site "Belek"]
[Date "2019.01.31"]
[Round "8.77"]
[White "Usluoglu, Servet"]
[Black "Akin, Bora Zubeyr"]
[Result "0-1"]
[WhiteElo "1783"]
[BlackElo "1436"]
[Annotator "NA"]
[PlyCount "45"]
[EventDate "2019.01.27"]
[EventType "swiss"]
[EventCountry "TUR"]
[SourceTitle "playchess.com"]
[Source "ChessBase"]
[SourceQuality "1"]

1. e4 e6 2. d4 d5 3. Nc3 Nf6 4. Bg5 Be7 5. e5 Nfd7 6. Bxe7 Qxe7 7. Qg4 O-O 8. Bd3 a6 9. f4 c5 10. Nf3 f6 11. O-O cxd4 12. Ne2 Nc5 13. Nexd4 Nxd3 14. cxd3 Nc6 15. Nxc6 bxc6 16. exf6 Rxf6 17. Ne5 Bb7 18. Rac1 c5 19. Qh4 Qd6 20. Qe1 Raf8 21. Qg3 d4 22. Rc2 Qxe5 23. Rcc1 0-1